Capitals and Countries by Flag - Statistics

General Stats
  • This quiz has been taken 2,252 times
  • The average score is 107 of 196
Answer Stats
Picture Answer % Correct
Canberra, Australia
95%
Wellington, New Zealand
92%
Rabat, Morocco
85%
Tunis, Tunisia
85%
London, United Kingdom
84%
Cairo, Egypt
83%
Panama City, Panama
79%
Bangkok, Thailand
78%
Havana, Cuba
77%
Baku, Azerbaijan
75%
Berlin, Germany
75%
Copenhagen, Denmark
75%
Kuala Lumpur, Malaysia
75%
Podgorica, Montenegro
75%
Skopje, North Macedonia
75%
Ankara, Turkey
74%
Dublin, Ireland
74%
Moscow, Russia
74%
Rome, Italy
74%
Stockholm, Sweden
74%
Tripoli, Libya
73%
Buenos Aires, Argentina
72%
Kathmandu, Nepal
72%
Oslo, Norway
72%
Luxembourg, Luxembourg
70%
Manama, Bahrain
70%
New Delhi, India
70%
Ottawa, Canada
70%
Ulaanbaatar, Mongolia
70%
Madrid, Spain
69%
Vilnius, Lithuania
69%
Georgetown, Guyana
68%
Bern, Switzerland
67%
Brasilia, Brazil
67%
Bratislava, Slovakia
67%
Kingston, Jamaica
67%
Mexico City, Mexico
67%
Prague, Czech Republic
67%
Pyongyang, North Korea
67%
Seoul, South Korea
67%
Taipei, Taiwan
67%
Doha, Qatar
66%
Islamabad, Pakistan
66%
Reykjavik, Iceland
66%
Brussels, Belgium
65%
Quito, Ecuador
65%
Amsterdam, Netherlands
64%
Budapest, Hungary
64%
Yerevan, Armenia
64%
Andorra La Vella, Andorra
63%
Baghdad, Iraq
63%
Damascus, Syria
63%
Dakar, Senegal
62%
Nairobi, Kenya
62%
San Marino, San Marino
62%
Vientiane, Laos
62%
Jerusalem, Israel
61%
Kiev, Ukraine
61%
Paris, France
61%
Tbilisi, Georgia
61%
Jakarta, Indonesia
60%
Tallinn, Estonia
60%
Warsaw, Poland
60%
Washington, United States
60%
Minsk, Belarus
59%
Riga, Latvia
59%
Riyadh, Saudi Arabia
59%
Santo Domingo, Dominican Republic
59%
Tokyo, Japan
59%
Belgrade, Serbia
58%
Hanoi, Vietnam
58%
Maputo, Mozambique
58%
Vienna, Austria
58%
Apia, Samoa
57%
Kabul, Afghanistan
57%
Manila, Philippines
57%
Algiers, Algeria
56%
Athens, Greece
56%
Mogadishu, Somalia
56%
Nassau, Bahamas
56%
Suva, Fiji
56%
Yaren, Nauru
56%
Astana, Kazakhstan
55%
Bandar Seri Begawan, Brunei
55%
Bissau, Guinea-Bissau
55%
Djibouti, Djibouti
55%
Santiago, Chile
55%
Addis Ababa, Ethiopia
54%
Asmara, Eritrea
54%
Bucharest, Romania
54%
Dushanbe, Tajikistan
54%
Luanda, Angola
54%
Sarajevo, Bosnia & Herzegovina
54%
Antananarivo, Madagascar
53%
Beijing, China
53%
Chisinau, Moldova
53%
Harare, Zimbabwe
53%
Kinshasa, Democratic Rep. of the Congo
53%
Ljubljana, Slovenia
53%
Managua, Nicaragua
53%
Montevideo, Uruguay
53%
Ndjamena, Chad
53%
Tashkent, Uzbekistan
53%
Thimphu, Bhutan
53%
Windhoek, Namibia
53%
Port Moresby, Papua New Guinea
52%
Tehran, Iran
52%
Vatican City, Vatican
52%
Zagreb, Croatia
52%
Ashgabat, Turkmenistan
51%
Beirut, Lebanon
51%
Lisbon, Portugal
51%
Monrovia, Liberia
51%
Pristina, Kosovo
51%
Victoria, Seychelles
51%
Kuwait City, Kuwait
50%
Lusaka, Zambia
50%
Mbabane, Eswatini
50%
Naypyidaw, Myanmar
50%
Phnom Penh, Cambodia
50%
San Jose, Costa Rica
50%
San salvador, El Salvador
50%
Accra, Ghana
49%
Helsinki, Finland
49%
Port Au Prince, Haiti
49%
Port Louis, Mauritius
49%
Tirana, Albania
49%
Valletta, Malta
49%
Yaounde, Cameroon
49%
Bogota, Colombia
48%
Kigali, Rwanda
48%
Monaco, Monaco
48%
Nicosia, Cyprus
48%
Pretoria, South Africa
48%
Sanaa, Yemen
48%
Singapore, Singapore
48%
Sofia, Bulgaria
48%
Tegucigalpa, Honduras
48%
Asuncion, Paraguay
47%
Lima, Peru
47%
Yamoussoukro, Ivory Coast
47%
Bamako, Mali
46%
Brazzaville, Rep. of the Congo
46%
Caracas, Venezuela
46%
Dhaka, Bangladesh
46%
Guatemala City, Guatemala
46%
Honiara, Solomon Islands
46%
Lilongwe, Malawi
46%
Praia, Cape Verde
46%
Vaduz, Liechtenstein
46%
Basseterre, St. Kitts & Nevis
45%
Dili, East Timor
45%
Khartoum, Sudan
45%
Lome, Togo
45%
Bishkek, Kyrgyzstan
44%
Gitega, Burundi
44%
Ouagadougou, Burkina Faso
44%
Castries, St. Lucia
43%
Freetown, Sierra Leone
43%
Kampala, Uganda
43%
Roseau, Dominica
43%
Sri Jayawardenapura Kotte, Sri Lanka
43%
Abu Dhabi, United Arab Emirates
42%
Abuja, Nigeria
42%
Amman, Jordan
42%
Banjul, Gambia
42%
Muscat, Oman
42%
Palikir, F.S. of Micronesia
42%
Sao Tome, Sao Tome & Principe
42%
St. John's, Antigua and Barbuda
42%
Cotonou, Benin
41%
Juba, South Sudan
41%
La Paz, Bolivia
41%
Majuro, Marshall Islands
41%
Paramaribo, Suriname
41%
Belmopan, Belize
40%
Port of Spain, Trinidad & Tobago
40%
Port Vila, Vanuatu
40%
Bangui, Central African Republic
39%
Kingstown, St. Vincent and the Grenadines
39%
Male, Maldives
39%
Moroni, Comoros
39%
Bridgetown, Barbados
38%
Nukualofa, Tonga
38%
Libreville, Gabon
37%
Dodoma, Tanzania
36%
Malabo, Equatorial Guinea
36%
Niamey, Niger
36%
Ngerulmud, Palau
35%
St. George, Grenada
34%
Gaborone, Botswana
33%
Nouakchott, Mauritania
33%
Maseru, Lesotho
32%
Conakry, Guinea
31%
Funafuti, Tuvalu
31%
Tarawa, Kiribati
31%
No matching quizzes found
Score Distribution
Percent of People with Each Score
Percentile by Number Answered
Your Score History
You have not taken this quiz